An Introduction To Data Structures With Applications (Record no. 6104)

MARC details
000 -LEADER
fixed length control field 00460nam a2200169Ia 4500
008 - FIXED-LENGTH DATA ELEMENTS--GENERAL INFORMATION
fixed length control field 221030s9999 xx 000 0 und d
020 ## - INTERNATIONAL STANDARD BOOK NUMBER
ISBN 0074624717
041 ## - LANGUAGE CODE
Language code of text/sound track or separate title
082 ## - DEWEY DECIMAL CLASSIFICATION NUMBER
Classification number 105.23
Item number Tre
100 ## - MAIN ENTRY--AUTHOR NAME
Personal name J. P. Tremblay
245 #3 - TITLE STATEMENT
Title An Introduction To Data Structures With Applications
Statement of responsibility, etc by J. P. Tremblay, P. G. Sorenson
260 ## - PUBLICATION, DISTRIBUTION, ETC. (IMPRINT)
Name of publisher UBS Pub.
Place of publication New Delhi
Year of publication 1991
300 ## - PHYSICAL DESCRIPTION
Number of Pages 861
650 ## - SUBJECT ADDED ENTRY--TOPICAL TERM
Topical Term BE Computer
700 ## - ADDED ENTRY--PERSONAL NAME
Personal name P. G. Sorenson
942 ## - ADDED ENTRY ELEMENTS (KOHA)
Koha item type Books
Holdings
Accession Number Cost, normal purchase price Full call number Price effective from Koha item type Withdrawn / writtenoff status Materials specified (bound volume or other part) Damaged status Not for loan Permanent Location Current Location Shelving location Date acquired Lost/ Missing status department
BE 7331 150.00 105.23 Tre 10/30/2022 Books   Print     MIET Library, Jammu MIET Library, Jammu BL-Academic Block - A, FL-1, CUP-90, SH-2, R-2 11/10/2005   BE